Strategic Management :concept and cases (Record no. 696)

MARC details
000 -LEADER
fixed length control field 00425nam a22001697a 4500
005 - DATE AND TIME OF LATEST TRANSACTION
control field 20180814151930.0
008 - FIXED-LENGTH DATA ELEMENTS--GENERAL INFORMATION
fixed length control field 160513b xxu||||| |||| 00| 0 eng d
020 ## - INTERNATIONAL STANDARD BOOK NUMBER
ISBN 81-297-0223-1
041 ## - LANGUAGE CODE
Language code of text/sound track or separate title eng
082 ## - DEWEY DECIMAL CLASSIFICATION NUMBER
Item number 1805
Classification number 658.4012
100 ## - MAIN ENTRY--AUTHOR NAME
Personal name David, F.R.
245 ## - TITLE STATEMENT
Title Strategic Management :concept and cases
260 ## - PUBLICATION, DISTRIBUTION, ETC. (IMPRINT)
Place of publication Delhi
Name of publisher Pearson Education,
Year of publication 2003
300 ## - PHYSICAL DESCRIPTION
Number of Pages 462p,
650 ## - SUBJECT ADDED ENTRY--TOPICAL TERM
Topical Term Management
942 ## - ADDED ENTRY ELEMENTS (KOHA)
Koha item type Books
Holdings
Lost status Damaged status Collection code Home library Current library Shelving location Date acquired Source of acquisition Full call number Accession Number Koha item type
    MANAGEMENT JRU Library JRU Library SHELF-64-L 13/05/2016 PURCHASE 658.4012 1805 Books
    MANAGEMENT JRU Library JRU Library SHELF-64-K 13/05/2016   658.4012 1806 Books